000 00506cam a22001577a 4500
008 180718b2012 xxu||||| |||| 00| 0 eng d
020 _a9781847429148
082 _aB3 P175e
100 _aPalfrey, Colin
245 _aEvaluation for the real world: the impact of evidence in policy making
_cby Colin Palfrey, Paul Thomas and Ceri Phillips
260 _aBristol
_bPolicy Press
_c2012
300 _a248p.
650 _aPolitical planning -- Evaluation
700 _aPhillips, Ceri
700 _aThomas, Paul
999 _c443821
_d443821